| 000 | 00382 a2200109 4500 | ||
|---|---|---|---|
| 001 | ART_2600 | ||
| 005 | 20260410161718.0 | ||
| 008 | 260409a | ||
| 245 | 1 | 0 | _aEl procedimiento administrativo especial ante el Registro de la propiedad y el derecho de defensa |
| 100 | 1 | _aHalperin, David A. | |
| 773 | 0 |
_tDerecho administrativo _g- NÂș 75 (ene./mar. 2011) _wREV1721 |
|
| 999 |
_c16670 _d16670 |
||